Guess the Taylor Swift album/era by the colour scheme - Statistics

General Stats
  • This quiz has been taken 30 times
  • The average score is 11 of 11
Answer Stats
Hint Answer % Correct
Pale blue 1989
100%
Green and teal debut
100%
brown, dark orange and plaid evermore
100%
yellow and gold fearless
100%
dark blue and silver midnights
100%
black, orange and dark green reputation
100%
black and white the tortured poets department
100%
pink and pastel blue lover
96%
red... red
96%
purple speak now
96%
grey folklore
91%
No matching quizzes found
Score Distribution
Percent of People with Each Score
Percentile by Number Answered
Your Score History
You have not taken this quiz